00876nam a2200193 a 4500008004100000050001500041100002500056245023400081260002200315300002100337350000900358500001500367650004400382650001400426700001900440995009200459999001700551952011400568071009s2001 ||||||||||||||||| || u aHC 915 IMP aMpuku, Herrick C. Dr14aThe New project approach to social and economic policy and poverty alleviation in Africa: impact of structural adjustment programmes on the Zambian economy; a trade union perspectivecedited by Dr. Herrick C. Mpuku; Austin Muneku aKitwebZCTUc2001 avii, 129p.: ill. a0.00 aICFTU-AFRO aSTRUCTURAL ADJUSTMENT PROGRAMME--ZAMBIA 0aECONOMICS aMuneku, Austin D0.00FCBU-MAIN LIBRARY (Kitwe)H1I0.00M1UAVAILABLEWOct 9, 2007ZZambiana Collection c52187d52187 00102lcc4070a001b001cZambiana Collectiond2022-11-30l0oHC 915 IMPp46343r2022-11-30w2022-11-30y002